The role of the third surveyor under the Party Wall etc. Act 1996 (Record no. 104091)
[ view plain ]
| 000 -LEADER | |
|---|---|
| fixed length control field | 00548cam a2200193 4500 |
| 001 - CONTROL NUMBER | |
| control field | L129058 |
| 008 - FIXED-LENGTH DATA ELEMENTS--GENERAL INFORMATION | |
| fixed length control field | 050315n2005 000 0 eng u |
| 020 ## - INTERNATIONAL STANDARD BOOK NUMBER | |
| International Standard Book Number | 0728204622 |
| 035 ## - SYSTEM CONTROL NUMBER | |
| System control number | (Sirsi) u129058 |
| 041 ## - LANGUAGE CODE | |
| Language code of text/sound track or separate title | eng |
| 050 ## - LIBRARY OF CONGRESS CALL NUMBER | |
| Classification number | 346.410432 |
| -- | 18 |
| 100 ## - MAIN ENTRY--PERSONAL NAME | |
| Personal name | Vegoda, Victor |
| 245 #4 - TITLE STATEMENT | |
| Title | The role of the third surveyor under the Party Wall etc. Act 1996 |
| 260 ## - PUBLICATION, DISTRIBUTION, ETC. | |
| Place of publication, distribution, etc. | London |
| Name of publisher, distributor, etc. | Estates Gazette |
| Date of publication, distribution, etc. | 2005 |
| 300 ## - PHYSICAL DESCRIPTION | |
| Extent | xv, 107p. |
| Dimensions | 22cm. |
| 350 ## - PRICE (NR) (BK AM CF MU VM SE) [OBSOLETE] | |
| Price | 13.50 |
| 690 ## - LOCAL SUBJECT ADDED ENTRY--TOPICAL TERM (OCLC, RLIN) | |
| Topical term or geographic name as entry element | PROPERTY-PROPERTY MANAGEMENT-EASEMENTS-PARTY WALL SURVEYING |
| 942 ## - ADDED ENTRY ELEMENTS (KOHA) | |
| Suppress in OPAC | 0 |
| Withdrawn status | Lost status | Source of classification or shelving scheme | Damaged status | Not for loan | Home library | Current library | Shelving location | Date acquired | Cost, normal purchase price | Total Checkouts | Full call number | Barcode | Date last seen | Date last checked out | Copy number | Cost, replacement price | Price effective from | Koha item type |
|---|---|---|---|---|---|---|---|---|---|---|---|---|---|---|---|---|---|---|
| Dewey Decimal Classification | London | London | Books | 12/04/2005 | 11.47 | 11 | 346.410432 VEG | 30066123 | 06/08/2019 | 15/12/2009 | 1 | 11.47 | 06/08/2019 | Book | ||||
| Dewey Decimal Classification | London | London | Books | 12/04/2005 | 11.47 | 13 | 346.410432 VEG | 30066122 | 06/08/2019 | 08/01/2009 | 2 | 11.47 | 06/08/2019 | Book |